Statistics for Státy a území v Karibiku

Click here to take the quiz!

General Stats

  • This quiz has been taken 53 times
  • The average score is 16 of 37

Answer Stats

What is it?Answer% Correct
Suverénní státSvatá Lucie
95%
Suverénní státDominika
86%
Suverénní státDominikánská republika
86%
Suverénní státJamajka
81%
Suverénní státSvatý Kryštof a Nevis
81%
Suverénní státHaiti
76%
Suverénní státKuba
76%
Území USAPortoriko
71%
Suverénní státTrinidad a Tobago
67%
Suverénní státBarbados
62%
Suverénní státHonduras
62%
Suverénní státAntigua a Barbuda
57%
Suverénní státGuatemala
57%
Suverénní státPanama
57%
Suverénní státBelize
52%
Suverénní státKostarika
52%
Suverénní státNikaragua
48%
Suverénní státGrenada
43%
Suverénní státMexiko
43%
Nizozemské zámořské územíAruba
33%
Suverénní státSvatý Vincenc a Grenadiny
33%
Nizozemské zámořské územíSvatý Martin
29%
Francouzské zámořské společenstvíSvatý Martin
29%
Suverénní státKolumbie
24%
Suverénní státVenezuela
24%
Britské zámořské územíBritské Panenské ostrovy
19%
Nizozemské zámořské územíCuraçao
19%
Francouzské zámořské územíMartinik
19%
Území USAPanenské ostrovy
19%
Francouzské zámořské územíGuadeloupe
14%
Britské zámořské územíKajmanské ostrovy
14%
Britské zámořské územíAnguilla
10%
Britské zámořské územíMontserrat
10%
Francouzské zámořské společenstvíSvatý Bartoloměj
10%
Nizozemské samosprávné územíBonaire
5%
Nizozemské samosprávné územíSaba
5%
Nizozemské samosprávné územíSvatý Eustach
5%

Score Distribution

Percentile by Number Answered

Percent of People with Each Score

Your Score History

You have not taken this quiz